000 00317nam a2200109Ia 4500
008 180305s9999 xx 000 0 und d
020 _a893754471
100 _aPige, David
245 _cDavid Paige, Roger Ruhlin
_aA day in the life of a Marine Biologist/
260 _aUSA
_bTroll Associates
_c1981
300 _a32 Pages
999 _c356057
_d356057